[Event "Kiev Spring op"]
[Site "Kiev"]
[Date "2023.03.30"]
[Round "8"]
[White "Zagaynyi, Arseniy"]
[Black "Gromosiak, Antonii"]
[Result "0-1"]
[WhiteElo "1389"]
[BlackElo "1735"]
[PlyCount "50"]
[EventDate "2023.03.25"]
[EventType "swiss"]
[EventRounds "9"]
[EventCountry "UKR"]
[SourceTitle "EXT 2024"]
[Source "ChessBase"]
[SourceDate "2023.10.10"]
[SourceVersion "1"]
[SourceVersionDate "2023.10.10"]
[SourceQuality "1"]

1. e4 e5 2. Nf3 Nc6 3. Bb5 a6 4. Ba4 Nf6 5. 0-0 d6 6. c3 b5 7. Bb3 Be7 8. Re1 0-0 9. h3 Be6 10. Bxe6 fxe6 11. d3 h6 12. a4 Qd7 13. Nbd2 Nh5 14. Nxe5 Nxe5 15. Qxh5 Nxd3 16. Rf1 d5 17. axb5 Bc5 18. Nb3 Bxf2+ 19. Kh1 Qxb5 20. Qd1 dxe4 21. Nd4 Bxd4 22. cxd4 Nf2+ 23. Rxf2 Rxf2 24. Be3 Re2 25. Qc1 Qxb2 0-1

[Event "Kiev Spring op"]
[Site "Kiev"]
[Date "2023.03.27"]
[Round "4"]
[White "Voitychuk, Orest"]
[Black "Zagaynyi, Arseniy"]
[Result "1-0"]
[WhiteElo "1933"]
[BlackElo "1389"]
[PlyCount "75"]
[EventDate "2023.03.25"]
[EventType "swiss"]
[EventRounds "9"]
[EventCountry "UKR"]
[SourceTitle "EXT 2024"]
[Source "ChessBase"]
[SourceDate "2023.10.10"]
[SourceVersion "1"]
[SourceVersionDate "2023.10.10"]
[SourceQuality "1"]

1. d4 Nf6 2. c4 g6 3. Nc3 Bg7 4. e4 0-0 5. h3 d6 6. Be3 e5 7. d5 a5 8. g4 Na6 9. Nge2 Nc5 10. f3 c6 11. Ng3 cxd5 12. cxd5 a4 13. Qd2 Ne8 14. h4 Qa5 15. h5 a3 16. b3 f5 17. gxf5 gxf5 18. h6 Bh8 19. b4 Qxb4 20. Rb1 Qa5 21. Rb5 Qc7 22. Bxc5 dxc5 23. Qg5+ Kf7 24. d6 Nxd6 25. Nd5 Qd8 26. Qh5+ Ke6 27. Rxc5 Ra5 28. Rc1 Rxd5 29. exd5+ Ke7 30. Qh4+ Bf6 31. Qb4 Bd7 32. Bd3 Bg5 33. Rc2 b5 34. Re2 Qc7 35. Rxe5+ Kf6 36. Re2 Qc1+ 37. Kf2 Qf4 38. Nh5+ 1-0